000 00741nam a2200169Ia 4500
008 110201s9999 xx 000 0 und d
082 _bB4001
_aS 550
100 _aइनामदार ना.स.
245 _aत्या स्वप्नांच्या आठवणी - आत्मकथा भाग - 1
260 _bसन पब्लिकेशन
365 _b100
600 _aइनामदार ना.स.
630 _aत्या स्वप्नांच्या आठवणी - आत्मकथा भाग - 1
700 _aइनामदार ना.स.
730 _aत्या स्वप्नांच्या आठवणी - आत्मकथा भाग - 1
942 _cBOOK
999 _c830525
_d830522